| 000 | 00541nam a2200193 a 4500 | ||
|---|---|---|---|
| 001 | 7613 | ||
| 003 | CO-ViMGA | ||
| 008 | 141112s2004 ck r 000 u spa d | ||
| 040 |
_aCO-ViMGA _bspa _cCO-ViMGA |
||
| 082 | 0 | 4 | _a745.5 H633 V.19 |
| 100 | 1 |
_aHogemann, Marta _97013 |
|
| 245 | 1 | 0 |
_aFantástico jardín zoológico / _cHogemann Marta , Priester Erich |
| 260 |
_aParís : _bBouret, _c1975 |
||
| 300 | _a30 p. | ||
| 490 | _aArte manual y fantasía | ||
| 650 | 1 | 4 |
_aARTESANIAS _94191 |
| 650 | 1 | 4 |
_aTRABAJOS MANUALES _94194 |
| 942 |
_2ddc _cBK |
||
| 999 |
_c19559 _d19559 |
||